Quizzes
Events
Quiz Creation
Community
Videos
Private Events
Remove Ads
Sign In
Join for FREE
Feedback
Dark Mode
Quiz Categories
Sports
Geography
Music
Movies
Television
Just For Fun
Miscellaneous
History
Literature
Language
Science
Gaming
Entertainment
Religion
Holiday
For Kids
Quiz Lab
Recent
Popular Today
Quiz Kudos Today
Editor Picks
Curator Picks
Quizzes by...
Day
Popularity
Type
Ratings
Length
Year
Community
Subscriptions
Recent Discussions
Orange Saloon
Badges
Playlists
Quests
Create
Leaderboards
Showdown
Live 5
Trivia Bingo
Activity
Puzzle Library
Sporcle Events
Private Events
Virtual Trivia
Globe League
Become a Host
Pub Owners
SporcleCon
Opinionation
Our Games
Videos
Blog
Mobile Apps
Partnerships
Remove Ads and Go Orange
Feedback
Music
Pop Music
The Beatles
Song
Album
Lyrics
Bands
Singers
Artist
Clip
Rock
Rap
Classical
Billboard
Country Music
Kpop
Taylor Swift
Music
Pop Music
The Beatles
Song
Album
Lyrics
Bands
Singers
Artist
Clip
Rock
Rap
Classical
Billboard
Country Music
Kpop
Taylor Swift
Random Quiz
Search Sporcle
×
Quiz Lab
Quiz Lab
Music
Alphabet
Select answers by clicking on text or image buttons
Select answers by clicking on text or image buttons
Clickable
Best Score? Go Orange.
Alphabet Soup 2014 Grammy Nominees Stats
Can you pick the answers from the Grammy 2014 nominees alphabet soup
By
Flamewkwkw
5m
70 Questions
697 Plays
697 Plays
697 Plays
Comments
Comments
Give Quiz Kudos
Give Quiz Kudos
-
- Ratings
hide this ad
More Info
Forced Order
Answers have to be entered in order
Answers have to be entered in order
Minefield
Wrong answers will end the quiz
Wrong answers will end the quiz
Random Order
Randomize order of answers
Randomize order of answers
Replay
Link that replays current quiz
Next Quiz
Link to next quiz in quiz playlist
You Got
0%
They Got
Avg Score
35%
Avg Friend Score
Upgrade to see
Score Distribution
Jump to the score distribution portion of the page
Score
0/70
Timer
05:00
0
Plays Today
% Correct
???
95.6%
???
87.1%
???
85.7%
???
59.4%
???
59%
???
55.7%
???
55.2%
???
54.9%
???
54.8%
???
54.4%
???
54.4%
???
54.2%
???
53.9%
???
50.5%
???
48.8%
???
47.3%
???
46.8%
???
46.5%
???
45.2%
???
44.5%
???
44.3%
???
41.9%
???
41.6%
???
41.3%
???
40.5%
???
39.8%
???
39.7%
???
39.2%
???
38.5%
???
37.3%
???
37.1%
???
37%
???
35.8%
???
35.4%
???
35.3%
% Correct
???
34.5%
???
32.4%
???
32.4%
???
32.3%
???
32%
???
31.7%
???
30.8%
???
29.7%
???
29.1%
???
29%
???
28.5%
???
28.2%
???
27.4%
???
27.3%
???
26.9%
???
26.1%
???
23.4%
???
22.6%
???
22.3%
???
22%
???
21.5%
???
20.5%
???
19.8%
???
19.7%
???
19.5%
???
19.1%
???
19.1%
???
19.1%
???
17.1%
???
17.1%
???
16.2%
???
15.8%
???
15.5%
???
10.6%
???
9.7%
Quiz Playlist
Details
Report
Send in Message
Add To Playlist
More Info:
Letters must be selected in the correct order
Clickable:
Select answers by clicking on text or image buttons
Forced Order:
Answers have to be entered in order
Minefield:
Wrong answers will end the quiz
Random Order:
Randomize order of answers
Last Updated: Feb 16, 2017
Quiz Scoreboard
CHALLENGE
Sign Up to Join the Scoreboard
Show All
Scores
Hide
Comments
May contain spoilers
Recently Published
Presidents Visiting Landmarks
by Hejman
History
7m
An Introduction to Baseball
by treessimontrees
Sports
5m
Movies - When Are They Set?
by FPL_Elf
Movies
5m
More to Explore
Quiz From the Vault
Featured Blog Post
Where Did the Easter Bunny Come From?
hide this ad
You Might Also Like...
Tags
Alphabet Quiz
Clickable Quiz
Letter Quiz
Minefield Quiz
Puzzle Quiz
2014
Grammy
Music Awards
soup
Word Search
Today's Top Quizzes in Music
Browse Music
hide this ad
Today's Top Quizzes in Alphabet
Browse Alphabet
Top Contributed Quizzes in Music
1
Taylor Swift All Songs (2024)
2
Guess the Artist- 70s Songs
3
One Thing in Common: Music
4
KPOP LOGIC QUIZ
5
2010s Album by Cover III
6
Taylor Swift Logic Puzzle
7
Guess the Taylor Swift song (Mystery Song)
8
7-to-1: Billboard Hot 100 #1 Hits of 2010s
9
2010s Album by Cover IV
10
2010s Album by Cover V
Explore More
Trending Topics
Kpop
Crossword
Anime
Harry Potter
Marvel
Disney
NBA
Country
Song
Puzzle
The Office
WWE
Pokémon
Soccer
NFL
hide this ad
More By:
Flamewkwkw
Quiz
Plays
Rating
Category
Featured
Created
5x5 Pick the Cast! (Comedy or Musical Films)
6,817
4.53
Movies
Jul 9, 2017
7-to-1 Korean Group Members
4,789
4.44
Music
May 27, 2017
Women Directing Best Picture Nominees
4,713
4.81
Movies
Mar 24, 2021
Ariana, Demi, Miley or Selena?
4,355
4.86
Music
May 20, 2017
5x5 Pick the Cast! (Drama Series)
2,873
4.30
Television
May 26, 2017
Go to Creator's Profile
Score Distribution
Quiz Creator Spotlight
Flamewkwkw
Follow
Send a Message
Quizzes Created
-
Created Quiz Play Count
-
More By This Creator
Popular Quizzes Today
1
Find the US States - No Outlines Minefield
2
Find the Countries of Europe - No Outlines Minefield
3
The Countries of the World
4
Popular People in 1961
5
Find the US States
6
US States
7
Risky Map Clicking: Biggest States A-Z
8
1-10 Letter E Words III
More Music Quizzes
ABC Queen
Published
Trending Quizzes
Risky Map Clicking: Least Populous States A-Z
1-10 Letter F Words
1-10 Letter G Words
One Thing in Common: United Kingdom
Risky Map Clicking: Next State Alphabetically
Recently Updated
Leaping Animals
pecheneg
Reality TV Shows (A-Z)
bhenderson79
Rickey Henderson's Hall of Fame Teammates
pecheneg
Champions League XIs: Arsenal
pecheneg
Quick Pick: Celebrities in WWE's Hall of Fame
aduchscher
A-Z Keypad Blitz II
pecheneg
Multiple Oscar Actors
pecheneg
Mystery Phrase Blitz: Oscar 'Best Actors'
pecheneg
F. Scott Fitzgerald Novels
LTH
Pick 3 Villains
ddd62291
Trending Topics
Crossword
Disney
Marvel
Anime
Kpop
Harry Potter
NBA
NFL
Country
Pokémon
WWE
Song
The Office
Puzzle
Soccer
Your Account Isn't Verified!
In order to create a playlist on Sporcle, you need to verify the email address you used during registration. Go to your
Sporcle Settings
to finish the process.
Report this User
Report this user for behavior that violates our
Community Guidelines
.
Details:
Send Report
Go to the Sporcle.com Mobile Site →
Comments